000 00572nam a22001457a 4500
003 OSt
005 20260526074108.0
008 260526b |||||||| |||| 00| 0 eng d
024 _aMSNE/6003/2021
040 _cRongo University
050 _aLB 1028
_bO35 2025.
245 _aLearners with Hearing Imparement's Academic Performance :
_bAn Investigation Of The Influencing Factors In Public Inclusive Junior Schools In Rachuonyo East Sub-County , HomaBay County ,Kenya.
_cAuma Jacinter Ogada.
260 _aRongo University.Kenya
_bRongo University
_c2025
942 _2lcc
_cTH
999 _c266296
_d266295